000 00629nam a2200181Ia 4500
005 20250508155049.0
008 008 250505s9999 xx 000 0 eng d
037 _aBooks to be hide in OPAC
040 _aFEDL
_beng
_cFEDL
041 _aeng
_2eng
084 _a370.6, NCE/O
_qFEDL
245 0 _aProceedings of the second meeting of the national council of educational research and training : Pachmarhi May 7 and 8 1963
260 _aNew Delhi, India
_bNational Council of Educational Research and Training
300 _a49p.
650 _aEducation
942 _cHB
_h370.6, NCE/O
999 _c1353807
_d1353807